[Event "Rewal op-B 13th"]
[Site "Rewal"]
[Date "2008.08.20"]
[Round "1"]
[White "Czarnecki, Wojciech"]
[Black "Suwara, Piotr"]
[Result "1-0"]
[WhiteElo "2056"]
[BlackElo "1778"]
[PlyCount "121"]
[EventDate "2008.08.19"]
[EventType "swiss"]
[EventRounds "9"]
[EventCountry "POL"]
[SourceTitle "CBM 126 Extra"]
[Source "ChessBase"]
[SourceDate "2008.11.05"]
[SourceVersion "1"]
[SourceVersionDate "2008.11.05"]
[SourceQuality "1"]

1. c4 d5 2. d4 dxc4 3. e3 e5 4. Nf3 e4 5. Nfd2 Nf6 6. Bxc4 Bd6 7. Nc3 Bf5 8. Qb3 0-0 9. Qxb7 c6 10. a3 Nbd7 11. Qxc6 Nb6 12. Ba2 Re8 13. Qb5 Bd7 14. Qe2 Bg4 15. f3 Bh5 16. Qf2 exf3 17. gxf3 Bg6 18. Nc4 Nxc4 19. Bxc4 Rc8 20. b3 Bf5 21. 0-0 Bc7 22. e4 Bb6 23. Be3 h6 24. e5 Nd7 25. f4 Bd3 26. Bxd3 Rxc3 27. Qd2 Rxb3 28. Qc2 Rxd3 29. Qxd3 Nf6 30. Rfd1 Nd5 31. Rac1 Qh4 32. Qe4 Qg4+ 33. Kh1 Nc3 34. Qg2 Qxg2+ 35. Kxg2 Nxd1 36. Rxd1 Rc8 37. Rd3 Rc2+ 38. Bf2 Kf8 39. Kf3 Ke8 40. Bg3 g6 41. Ke4 Re2+ 42. Kf3 Rc2 43. f5 gxf5 44. Kf4 Rc4 45. Bf2 Rc2 46. Rf3 Rc4 47. Kxf5 Rc2 48. Ke4 Ra2 49. Bg3 Rd2 50. Rd3 Rxd3 51. Kxd3 Ke7 52. d5 Bc5 53. a4 Bb6 54. Ke4 Kf8 55. Kf5 Bd8 56. Bf4 h5 57. Bg5 Bb6 58. h4 Bd4 59. Bf6 Be3 60. e6 fxe6+ 61. Kxe6 1-0

[Event "Mazowiec-chT 0708"]
[Site "Poland"]
[Date "2008.01.06"]
[Round "6"]
[White "Zbrzeski, Piotr"]
[Black "Suwara, Piotr"]
[Result "1/2-1/2"]
[WhiteElo "1871"]
[BlackElo "1778"]
[PlyCount "124"]
[EventDate "2007.10.14"]
[EventType "team-tourn"]
[EventRounds "10"]
[EventCountry "POL"]
[SourceTitle "EXT 2010"]
[Source "ChessBase"]
[SourceDate "2010.11.25"]
[SourceVersion "1"]
[SourceVersionDate "2010.11.25"]
[SourceQuality "1"]

1. d4 Nf6 2. c4 c5 3. e3 g6 4. Nf3 Bg7 5. Nc3 0-0 6. Be2 a6 7. 0-0 Qc7 8. b3 b5 9. Bb2 b4 10. Nb1 d6 11. Nbd2 Nbd7 12. Qc2 Bb7 13. Bd3 e6 14. Ne4 Rfd8 15. Rac1 a5 16. Nxf6+ Nxf6 17. Nd2 a4 18. Ne4 axb3 19. axb3 Nxe4 20. Bxe4 Ra2 21. Bxb7 Qxb7 22. Ra1 Rda8 23. Rxa2 Rxa2 24. Ra1 Qa7 25. Qb1 Rxa1 26. Qxa1 Qxa1+ 27. Bxa1 Kf8 28. Kf1 Ke7 29. Ke2 f5 30. Kd3 d5 31. f3 Kd7 32. Bb2 Kc6 33. cxd5+ exd5 34. e4 h5 35. e5 Bf8 36. dxc5 Bxc5 37. Bd4 Bf8 38. f4 Kb7 39. Be3 Be7 40. Bf2 Bf8 41. h3 Be7 42. Bg1 Bf8 43. Ke2 Be7 44. Kf3 Kc6 45. g4 hxg4+ 46. hxg4 Kc7 47. Bf2 Kc6 48. gxf5 gxf5 49. Kg2 Kd7 50. Kh3 Ke6 51. Bh4 Bc5 52. Kg2 Kd7 53. Kf3 Kc7 54. Ke2 Kd7 55. Kd3 Ba7 56. Be1 Bc5 57. Bd2 Kc6 58. Be1 Kd7 59. Bh4 Ke6 60. Bd8 Kd7 61. Bh4 Ke6 62. Be1 Kd7 1/2-1/2

[Event "Ehrenfeuchts Memorial U18 8th"]
[Site "Warsaw"]
[Date "2007.12.30"]
[Round "8.9"]
[White "Kolinski, Kamil"]
[Black "Suwara, Piotr"]
[Result "0-1"]
[WhiteElo "1510"]
[BlackElo "1783"]
[PlyCount "102"]
[EventDate "2007.12.27"]
[EventType "swiss"]
[EventRounds "9"]
[EventCountry "POL"]
[SourceTitle "EXT 2023"]
[Source "ChessBase"]
[SourceDate "2022.10.05"]
[SourceVersion "1"]
[SourceVersionDate "2022.10.05"]
[SourceQuality "1"]

1. e4 e5 2. Nf3 Nc6 3. Bb5 a6 4. Ba4 Nf6 5. d3 d6 6. h3 Be7 7. 0-0 0-0 8. Be3 b5 9. Bb3 Na5 10. Nc3 Nxb3 11. axb3 Bb7 12. Re1 c5 13. Ne2 Qc7 14. Ng3 Rfe8 15. Nf5 h6 16. Qd2 Bf8 17. Kh1 d5 18. Nxh6+ gxh6 19. Bxh6 Bxh6 20. Qxh6 Nh7 21. exd5 Bxd5 22. Rxa6 Rxa6 23. Qxa6 f6 24. Qxb5 Qc8 25. Kh2 Bxf3 26. gxf3 Ng5 27. Qc4+ Kg7 28. Re3 Qxh3+ 29. Kg1 Ra8 30. Qc3 Nxf3+ 31. Rxf3 Ra1+ 32. Qe1 Qg4+ 33. Rg3 Rxe1+ 34. Kg2 Qxg3+ 35. fxg3 Re2+ 36. Kf3 Rxc2 37. Ke4 Rxb2 38. Kd5 Rc2 39. g4 Kg6 40. g5 Kxg5 41. d4 cxd4 42. Ke4 Rb2 43. b4 Rxb4 44. Kd3 f5 45. Ke2 e4 46. Kf2 Rb7 47. Ke2 Kg4 48. Kf2 Kh3 49. Ke2 Kg2 50. Kd2 Kf2 51. Kc2 Ke2 0-1

[Event "Ehrenfeuchts Memorial U18 8th"]
[Site "Warsaw"]
[Date "2007.12.28"]
[Round "3.6"]
[White "Suwara, Piotr"]
[Black "Kowalewska, Agata"]
[Result "0-1"]
[WhiteElo "1783"]
[BlackElo "1587"]
[PlyCount "110"]
[EventDate "2007.12.27"]
[EventType "swiss"]
[EventRounds "9"]
[EventCountry "POL"]
[SourceTitle "EXT 2023"]
[Source "ChessBase"]
[SourceDate "2022.10.05"]
[SourceVersion "1"]
[SourceVersionDate "2022.10.05"]
[SourceQuality "1"]

1. e4 c5 2. c3 e6 3. d4 cxd4 4. cxd4 Nf6 5. Nc3 Bb4 6. Bd3 Nc6 7. a3 Qa5 8. Bd2 Bxc3 9. bxc3 d6 10. f4 Qc7 11. Nf3 0-0 12. e5 dxe5 13. fxe5 Nd5 14. 0-0 f5 15. c4 Nde7 16. Qb3 b6 17. Bc3 Ng6 18. Rfe1 Nf4 19. Bf1 Rd8 20. Rad1 Ne7 21. Bb4 Bb7 22. Bd6 Qd7 23. g3 Nfg6 24. d5 exd5 25. cxd5 Rac8 26. Bb5 Rc3 27. Qxc3 Qxb5 28. Bxe7 Nxe7 29. d6 Nd5 30. Qd3 Qc5+ 31. Nd4 Nc3 32. Rc1 Qd5 33. Re4 Nxe4 34. Qb3 Nc5 35. Qxd5+ Bxd5 36. Nxf5 Be4 37. Nd4 Bd5 38. Re1 Kf7 39. Nb5 Nd3 40. Rf1+ Ke6 41. Nc7+ Kxe5 42. Nxd5 Kxd5 43. Rf7 a5 44. Rxg7 Rxd6 45. Rxh7 Ne1 46. Rf7 Re6 47. Kf1 b5 48. Rf5+ Kc6 49. Rf4 Nc2 50. a4 Ne3+ 51. Kf2 b4 52. Rf3 b3 53. Rxe3 Rxe3 54. Kxe3 b2 55. h4 b1Q 0-1

[Event "Milanowek-ch 13th"]
[Site "Milanowek"]
[Date "2007.06.30"]
[Round "7"]
[White "Suwara, Piotr"]
[Black "Brudzinski, Maciej"]
[Result "0-1"]
[WhiteElo "1761"]
[BlackElo "2114"]
[PlyCount "70"]
[EventDate "2007.06.25"]
[EventType "swiss"]
[EventRounds "9"]
[EventCountry "POL"]
[SourceTitle "EXT 2011"]
[Source "ChessBase"]
[SourceDate "2010.11.26"]
[SourceVersion "1"]
[SourceVersionDate "2010.11.26"]
[SourceQuality "1"]

1. e4 a6 2. d4 c5 3. Nf3 b5 4. a4 Bb7 5. axb5 axb5 6. Rxa8 Bxa8 7. Bxb5 Bxe4 8. Be3 cxd4 9. Bxd4 Nc6 10. Bc3 e6 11. 0-0 Nf6 12. Nbd2 Bg6 13. Nd4 Nxd4 14. Bxd4 Be7 15. Nf3 0-0 16. Ne5 Qc7 17. Nxg6 hxg6 18. Bd3 d5 19. f3 e5 20. Bf2 Bd6 21. g3 Rc8 22. c3 Qc6 23. Re1 Rb8 24. Qc2 Nd7 25. Rb1 f5 26. b4 e4 27. Be2 Rxb4 28. Ra1 Bc5 29. Ra8+ Kh7 30. Qa2 Bxf2+ 31. Kxf2 Qb6+ 32. Kg2 Rb2 33. Qxd5 Rxe2+ 34. Kh3 Nf6 35. Qf7 Qf2 0-1

[Event "Ehrenfeuchts Memorial U18 7th"]
[Site "Warsaw"]
[Date "2006.12.30"]
[Round "8"]
[White "Borowicz, Przemyslaw"]
[Black "Suwara, Piotr"]
[Result "0-1"]
[WhiteElo "1822"]
[BlackElo "1741"]
[PlyCount "102"]
[EventDate "2006.12.27"]
[EventType "swiss"]
[EventRounds "9"]
[EventCountry "POL"]
[SourceTitle "EXT 2011"]
[Source "ChessBase"]
[SourceDate "2010.11.26"]
[SourceVersion "1"]
[SourceVersionDate "2010.11.26"]
[SourceQuality "1"]

1. d4 Nf6 2. Nf3 g6 3. c4 c5 4. d5 b5 5. cxb5 a6 6. bxa6 Bxa6 7. Nc3 Bg7 8. e4 Bxf1 9. Kxf1 d6 10. g3 0-0 11. Kg2 Nbd7 12. Rb1 Qa5 13. Bd2 Ng4 14. a3 Nge5 15. Nxe5 Nxe5 16. Qc2 Nc4 17. Be1 Qa6 18. Nd1 Rfb8 19. Bc3 Ne5 20. f4 Qd3 21. Qxd3 Nxd3 22. Nf2 Nxb2 23. Bxg7 Kxg7 24. Nd1 Nxd1 25. Rxb8 Ne3+ 26. Kf3 Rxb8 27. Kxe3 Rb3+ 28. Kf2 Rxa3 29. h3 f5 30. exf5 gxf5 31. g4 Rd3 32. g5 Rxd5 33. h4 Rd4 34. Kf3 e5 35. fxe5 dxe5 36. Re1 Rd5 37. Rb1 Rd3+ 38. Kg2 Rd7 39. Rb6 Rd4 40. Rb7+ Kg6 41. Rb6+ Kh5 42. Rh6+ Kg4 43. Rxh7 Rd2+ 44. Kf1 e4 45. g6 e3 46. Re7 Kf3 47. Rxe3+ Kxe3 48. h5 f4 49. h6 f3 50. Kg1 f2+ 51. Kg2 Rd1 0-1

[Event "Ehrenfeuchts Memorial U18 7th"]
[Site "Warsaw"]
[Date "2006.12.29"]
[Round "6"]
[White "Dobrowolski, Marcin"]
[Black "Suwara, Piotr"]
[Result "0-1"]
[WhiteElo "1902"]
[BlackElo "1741"]
[PlyCount "54"]
[EventDate "2006.12.27"]
[EventType "swiss"]
[EventRounds "9"]
[EventCountry "POL"]
[SourceTitle "EXT 2011"]
[Source "ChessBase"]
[SourceDate "2010.11.26"]
[SourceVersion "1"]
[SourceVersionDate "2010.11.26"]
[SourceQuality "1"]

1. e4 c5 2. d4 cxd4 3. c3 dxc3 4. Nxc3 Nc6 5. Nf3 e6 6. Bf4 a6 7. Bc4 b5 8. Bb3 Bb7 9. 0-0 Bc5 10. Rc1 Qb6 11. Re1 Bxf2+ 12. Kh1 Bxe1 13. Nd5 exd5 14. exd5 Bb4 15. dxc6 Bxc6 16. Ne5 0-0-0 17. Qg4 Nf6 18. Qxg7 Ne4 19. h3 Rhg8 20. Qxf7 Nf2+ 21. Kg1 Nd3+ 22. Kh1 Nxc1 23. Nxd7 Bxd7 24. Qxh7 Rh8 25. Qe4 Rxh3+ 26. Bh2 Rxh2+ 27. Kxh2 Bd6+ 0-1

[Event "Rewal op 11th"]
[Site "Rewal"]
[Date "2006.08.23"]
[Round "3"]
[White "Suwara, Piotr"]
[Black "Giemza, Joanna"]
[Result "0-1"]
[WhiteElo "1741"]
[BlackElo "1988"]
[PlyCount "58"]
[EventDate "2006.08.21"]
[EventType "swiss"]
[EventRounds "11"]
[EventCountry "POL"]
[SourceTitle "EXT 2010"]
[Source "ChessBase"]
[SourceDate "2010.11.25"]
[SourceVersion "1"]
[SourceVersionDate "2010.11.25"]
[SourceQuality "1"]

1. e4 e6 2. d4 d5 3. Nc3 Bb4 4. e5 c5 5. a3 Bxc3+ 6. bxc3 Ne7 7. Qg4 0-0 8. Bd3 f5 9. Qh4 Nbc6 10. Nf3 Qa5 11. 0-0 c4 12. Be2 Qxc3 13. Bh6 Ng6 14. Qh5 Nxd4 15. Nxd4 Qxd4 16. Be3 Qxe5 17. Rae1 Nf4 18. Bxf4 Qxf4 19. c3 Qc7 20. Ra1 e5 21. Qf3 Be6 22. Qe3 f4 23. Qd2 Rad8 24. Qb2 Qe7 25. Rad1 Qg5 26. Kh1 b6 27. Rg1 Rf6 28. Bf1 Rh6 29. Qe2 Rxh2+ 0-1